| 000 | 00402 a2200169 4500 | ||
|---|---|---|---|
| 020 | _a9798129700123 | ||
| 022 | _a29700123 | ||
| 082 | _a658.8 | ||
| 090 |
_c5678 _d5678 |
||
| 100 | _aArmstrong,Gary | ||
| 245 |
_aMarketing _bAn Introduction _cGary Armstrong |
||
| 250 | _a6th | ||
| 260 |
_aIndia _bPearson Education _c2003 |
||
| 300 | _a627p | ||
| 500 | _aPaper cover | ||
| 942 |
_aNBS _cBK _k658.8 ARM |
||
| 999 |
_c348080 _d348080 |
||